<?xml version="1.0" encoding="UTF-8"?>
<collection xmlns="http://www.loc.gov/MARC21/slim">
 <record>
  <leader>00368pamaa2200145   4500</leader>
  <controlfield tag="001">0000011159</controlfield>
  <controlfield tag="005">20060619090000.0</controlfield>
  <datafield tag="020" ind1="0" ind2="0">
   <subfield code="a">0071149651 </subfield>
  </datafield>
  <datafield tag="082" ind1=" " ind2=" ">
   <subfield code="a">621.4022 MIL 1992</subfield>
  </datafield>
  <datafield tag="090" ind1="0" ind2="0">
   <subfield code="a">TJ260 </subfield>
   <subfield code="b">MIL 1992</subfield>
  </datafield>
  <datafield tag="100" ind1="1" ind2="0">
   <subfield code="a">MILLS </subfield>
  </datafield>
  <datafield tag="245" ind1="1" ind2="0">
   <subfield code="a">Heat transfer  </subfield>
   <subfield code="c">Anthony F. Mills.</subfield>
  </datafield>
  <datafield tag="260" ind1="0" ind2="0">
   <subfield code="a">Illinois: </subfield>
   <subfield code="b">Irwin, </subfield>
   <subfield code="c">1992.</subfield>
  </datafield>
  <datafield tag="300" ind1=" " ind2=" ">
   <subfield code="a">xxiii, 888p.: </subfield>
   <subfield code="b">25cm.</subfield>
  </datafield>
  <datafield tag="650" ind1="0" ind2="0">
   <subfield code="a">Heat -- </subfield>
   <subfield code="x">Transmission </subfield>
  </datafield>
 </record>
</collection>
